01159nam a22002657a 4500003000500000005001700005007000300022008004100025040000900066090001900075100004400094245012300138264007000261300004800331502009200379700003600471700003400507720003900541720005000580720004700630720004400677942002700721952012800748999001700876CSPC20250206101401.0ta250205s2021 ph a mabs 000 0 eng  cCSPC aUTH BSOA C292m aCatorce, Maria Jonabelle DL. eauthor.  aManagement skills of student leaders in Camarines Sur Polytechnic Colleges Buhi Campus / cMaria Jonabelle DL. Catorce aBuhi, Camarines Sur: bCamarines Sur Polytechnic Colleges, c2021 aix, 68 leaves : billustrations ; c28 cm.  aUndergraduate Theses (BSOA) Office Administration cCamarines Sur Polytechnic Colleges  aSalamanque, Jessa L. eauthor.  aMendoza, Jeremy C. eauthor.  aVillar, Mariber M. MAEdeadviser.  aOliveros, Josefin N. MBM epanelist chairman  aInfante, Leonisa O. Ph.Depanelist member  aRosal, Jhomer I. MBM epanelist member  2ddcn0cUMkUTH m2021 00102ddc4070aBUHIbBUHIcUTHd2024-09-16l0oUTH BSOA C292m 2021p00113UM-BUHr2025-02-05 00:00:00t1-1w2024-09-16yUM c28713d28713